000 00849nam a2200217 4500
001 111710
003 ES-MaACL
005 20230906185340.0
007 t|
008 061121s1963 sp r ||||1| spa d
110 2 _aOrganización del Tratado del Atlántico Norte.
_96065
245 1 3 _aLa Organización del Tratado del Atlántico Norte /
_cOrganización del Tratado del Atlántico Norte ; traducción de Gabriel Fernández de Valderrama.
260 _aMadrid :
_bInstituto de Estudios Políticos,
_c1963.
300 _a200 p. ;
_c20 cm.
490 1 _aColección `estudios internacionales`
700 1 _aFernández de Valderrama, Gabriel.
_949717
710 2 _aInstituto de Estudios Políticos (Madrid)
_94924
830 0 _aColección `estudios internacionales`
_9232405
852 _aES-MaACL
_jC-54937
_bR.103438
999 _c111710
_d111710